000 00747nam a22001337a 4500
040 _cRUA
082 _aAGR PHA 2024 B1-406 Or.
100 _aPHAT SAMNANG,ផាត សំណាង
245 _aHERBICIDES UTILIZATION ON DRY SEASON RICE BY FARMER IN MOUNG RUESSEI DISTRICT BATTAMBANG PROVINCE,ការប្រើប្រាស់ថ្នាំសម្លាប់ស្មៅចង្រៃលើដំណាំស្រូវប្រាំងរបស់កសិករនៅស្រុកមោងឫស្សី ខេត្តបាត់ដំបង
260 _aphnom penh
_brua
_c2024
300 _aix.38p.
_bill.
_c29cm.
856 _uhttps://drive.google.com/file/d/1gLCTwpoD3Ls9ZY8OHLxVcRMt9kt6DrEq/view?usp=sharing
942 _cAGR
999 _c24731
_d24731